Catalog

Record Details

Catalog Search



The basketball player's bible : a comprehensive ... Read More

Available copies

  • 2 of 2 copies available at LARL/NWRL Consortium.
  • 2 of 2 copies available at Northwest Regional Library. (Show preferred library)

Current holds

0 current holds with 2 total copies.

Show Only Available Copies
Location Call Number / Copy Notes Barcode Shelving Location Status Due Date
Red Lake Falls Public Library 796.323 GOL (Text) 35500002292082 Main Available -
Thief River Falls Public Library 796.323 GOL (Text) 35500003386503 Main Available -

Record details

  • Physical Description: 269 p. : ill. ; 28 cm.
  • Publisher: Philadelphia : Golden Aura Pub., c1994.

Content descriptions

General Note:
Includes index.
"Applauded by coaches."--Cover.
"A detailed explanation of every aspect of the game."--Cover.
Subject: Basketball.
LDR 01119cam a2200289Ia 4500
00115114
003LARL_NWRL_CONSORTIUM
00519950313103200.0
008950217s1994 paua 001 0 eng d
020 . ‡z188435713x : ‡c$24.95
035 . ‡a(OCoLC)32007229
0920 . ‡a796.323 ‡220
092 . ‡a796.323 ‡bGol
1001 . ‡aGoldstein, Sidney. ‡0(LARL_NWRL_CONSORTIUM)114879
24514. ‡aThe basketball player's bible : ‡ba comprehensive and systematic guide to playing / ‡cSidney Goldstein.
260 . ‡aPhiladelphia : ‡bGolden Aura Pub., ‡cc1994.
300 . ‡a269 p. : ‡bill. ; ‡c28 cm.
4900 . ‡aNitty gritty basketball
500 . ‡aIncludes index.
500 . ‡a"Applauded by coaches."--Cover.
500 . ‡a"A detailed explanation of every aspect of the game."--Cover.
650 0. ‡aBasketball. ‡0(LARL_NWRL_CONSORTIUM)14709
901 . ‡a15114 ‡bOCLC ‡c15114 ‡tbiblio

Additional Resources